Информационный экстремизм и его роль в развитии современного экстремизма; Трансформация научных парадигм и коммуникативные практики в информационном социуме

Bibliographic Details
Parent link:Трансформация научных парадигм и коммуникативные практики в информационном социуме.— 2009.— С. 126-128
Main Author: Диль В. А. Вячеслав Анатольевич
Language:Russian
Published: 2009
Subjects:
Format: MixedMaterials Book Chapter
KOHA link:https://koha.lib.tpu.ru/cgi-bin/koha/opac-detail.pl?biblionumber=208121

MARC

LEADER 00000naa2a2200000 4500
001 208121
005 20231031191358.0
035 |a (RuTPU)RU\TPU\book\227171 
090 |a 208121 
100 |a 20120131d2009 k y0rusy50 ca 
101 0 |a rus 
102 |a RU 
200 1 |a Информационный экстремизм и его роль в развитии современного экстремизма  |f В. А. Диль 
320 |a Библиогр.: 2 назв. 
463 0 |0 (RuTPU)RU\TPU\book\208739  |t Трансформация научных парадигм и коммуникативные практики в информационном социуме  |o сборник научных трудов, Томск, 20-21 октября 2009 г.  |f Томский политехнический университет (ТПУ) ; под ред. В. Г. Рубанова  |v С. 126-128  |d 2009  |p 363 с. 
610 1 |a информация 
610 1 |a информационный экстремизм 
610 1 |a экстремизм 
610 1 |a информационное давление 
610 1 |a речевое воздействие 
610 1 |a труды учёных ТПУ 
700 1 |a Диль  |b В. А.  |c аспирант кафедры философии Томского политехнического университета  |f 1985-  |g Вячеслав Анатольевич  |2 stltpush  |3 (RuTPU)RU\TPU\pers\25767 
801 1 |a RU  |b 63413507  |c 20120131 
801 2 |a RU  |b 63413507  |c 20120523  |g RCR 
942 |c BK